[Event "FRA-ch Accession"]
[Site "Nimes"]
[Date "2014.08.17"]
[Round "1"]
[White "Castro, John"]
[Black "Navrotescu, Catalin"]
[Result "0-1"]
[WhiteElo "2214"]
[BlackElo "2406"]
[PlyCount "78"]
[EventDate "2014.08.17"]
[EventType "swiss"]
[EventRounds "11"]
[EventCountry "FRA"]
[SourceTitle "CBM 162 Extra"]
[Source "ChessBase"]
[SourceDate "2014.10.17"]
[SourceVersion "1"]
[SourceVersionDate "2014.10.17"]
[SourceQuality "1"]

1. e4 c5 2. Nf3 e6 3. d4 cxd4 4. Nxd4 Nc6 5. Nc3 Qc7 6. Be3 a6 7. Be2 Nf6 8. 0-0 Bb4 9. Na4 Bd6 10. Nxc6 bxc6 11. Nb6 Rb8 12. g3 Be7 13. Nxc8 Qxc8 14. Bd4 c5 15. Be5 Rb6 16. Qd3 0-0 17. c4 d6 18. Bc3 Nd7 19. f4 Bf6 20. e5 dxe5 21. Rad1 Rb7 22. Bf3 Ra7 23. Be4 g6 24. f5 exf5 25. Rxf5 gxf5 26. Bxf5 Rd8 27. Bxh7+ Kg7 28. Bf5 Qc7 29. Qf3 Nf8 30. Rf1 Rd6 31. Qg4+ Ng6 32. h4 e4 33. Bxf6+ Rxf6 34. h5 Qe5 35. hxg6 fxg6 36. Bxe4 Qd4+ 37. Kg2 Qxb2+ 38. Kh3 Raf7 39. Rxf6 Qxf6 0-1

[Event "Naujac op 17th"]
[Site "Naujac"]
[Date "2014.06.29"]
[Round "1"]
[White "Mueller, Werner"]
[Black "Castro, John"]
[Result "0-1"]
[WhiteElo "1650"]
[BlackElo "2217"]
[PlyCount "90"]
[EventDate "2014.06.29"]
[EventType "swiss"]
[EventRounds "9"]
[EventCountry "FRA"]
[SourceTitle "CBM 161 Extra"]
[Source "ChessBase"]
[SourceDate "2014.08.29"]
[SourceVersion "1"]
[SourceVersionDate "2014.08.29"]
[SourceQuality "1"]

1. e4 c5 2. Nc3 Nc6 3. g3 g6 4. Bg2 Bg7 5. d3 e6 6. Be3 Nd4 7. Nh3 Ne7 8. 0-0 0-0 9. Qd2 d5 10. f4 f5 11. e5 Bd7 12. Nd1 Qb6 13. c3 Ndc6 14. Ng5 d4 15. Bf2 Rfd8 16. Nf3 Rac8 17. Ne1 Be8 18. Nc2 Qa6 19. c4 b5 20. b3 bxc4 21. dxc4 d3 22. Ne1 Nb4 23. Nb2 Bc6 24. a3 Bxg2 25. Nxg2 Nc2 26. Ra2 Nd4 27. Bxd4 Rxd4 28. Rf3 Qb7 29. Rxd3 Qxb3 30. Rxd4 cxd4 31. Nd3 Rxc4 32. Nge1 Nc6 33. a4 Bf8 34. Qg2 Nb4 35. Rb2 Qc3 36. Rd2 Nxd3 37. Nxd3 Rxa4 38. Qe2 Ra1+ 39. Kg2 Qc6+ 40. Kh3 Qe4 41. Qf2 h6 42. Nb2 g5 43. Rxd4 g4+ 44. Kh4 Be7+ 45. Kh5 Qa8 0-1

[Event "Andorra op 30th"]
[Site "La Massana"]
[Date "2012.07.24"]
[Round "4"]
[White "Berkovich, Mark A"]
[Black "Castro, John"]
[Result "1/2-1/2"]
[WhiteElo "2366"]
[BlackElo "2183"]
[PlyCount "41"]
[EventDate "2012.07.21"]
[EventType "swiss"]
[EventRounds "9"]
[EventCountry "AND"]
[SourceTitle "CBM 149 Extra"]
[Source "ChessBase"]
[SourceDate "2012.08.24"]
[SourceVersion "1"]
[SourceVersionDate "2012.08.24"]
[SourceQuality "1"]

1. Nf3 Nf6 2. g3 g6 3. Bg2 Bg7 4. 0-0 0-0 5. d4 d6 6. b3 Nc6 7. Bb2 Bf5 8. Nbd2 Re8 9. d5 Nb4 10. c4 c5 11. a3 Na6 12. Nh4 Bd7 13. Qc2 Rb8 14. h3 b5 15. e4 bxc4 16. Nxc4 Nc7 17. e5 dxe5 18. Nxe5 Ncxd5 19. Qxc5 e6 20. b4 a5 21. Rad1 1/2-1/2

[Event "Paris-ch op-B 87th"]
[Site "Paris"]
[Date "2012.07.11"]
[Round "5"]
[White "Castro, John"]
[Black "Maisuradze, Nino"]
[Result "0-1"]
[WhiteElo "2183"]
[BlackElo "2268"]
[PlyCount "72"]
[EventDate "2012.07.07"]
[EventType "swiss"]
[EventRounds "9"]
[EventCountry "FRA"]
[SourceTitle "EXT 2013"]
[Source "ChessBase"]
[SourceDate "2012.11.22"]
[SourceVersion "1"]
[SourceVersionDate "2012.11.22"]
[SourceQuality "1"]

1. e4 c5 2. Nc3 Nc6 3. Nf3 e5 4. Bc4 d6 5. Nd5 Nf6 6. d3 Nxd5 7. Bxd5 Be7 8. Be3 Be6 9. Bxe6 fxe6 10. Ng5 Nd4 11. Qd2 Nxc2+ 12. Qxc2 Bxg5 13. Qa4+ Kf7 14. Bxg5 Qxg5 15. 0-0 Rhd8 16. f4 exf4 17. Rxf4+ Qxf4 18. Rf1 Qxf1+ 19. Kxf1 a6 20. e5 d5 21. Ke2 d4 22. Kf3 Rac8 23. Qd1 c4 24. Ke4 c3 25. bxc3 dxc3 26. Qc2 b5 27. h4 b4 28. h5 h6 29. g4 Kg8 30. g5 hxg5 31. Ke3 a5 32. d4 Rc7 33. h6 a4 34. Qg6 c2 35. Qxe6+ Kh7 36. Qf5+ g6 0-1

[Event "Paris-ch op-B 87th"]
[Site "Paris"]
[Date "2012.07.09"]
[Round "3"]
[White "Castro, John"]
[Black "Mezioud, Rimel"]
[Result "1-0"]
[WhiteElo "2183"]
[BlackElo "2034"]
[PlyCount "83"]
[EventDate "2012.07.07"]
[EventType "swiss"]
[EventRounds "9"]
[EventCountry "FRA"]
[SourceTitle "EXT 2013"]
[Source "ChessBase"]
[SourceDate "2012.11.22"]
[SourceVersion "1"]
[SourceVersionDate "2012.11.22"]
[SourceQuality "1"]

1. e4 c5 2. Nf3 Nc6 3. d4 cxd4 4. Nxd4 Nf6 5. Nc3 e5 6. Ndb5 d6 7. Bg5 a6 8. Na3 b5 9. Bxf6 gxf6 10. Nd5 Bg7 11. c3 f5 12. Bd3 Ne7 13. Nxe7 Qxe7 14. exf5 e4 15. Be2 Bxf5 16. Qd5 Rb8 17. Qxf5 b4 18. Nc2 bxc3 19. b3 0-0 20. Rd1 a5 21. 0-0 a4 22. Bc4 Kh8 23. Rfe1 Rfe8 24. Bd5 Rb5 25. bxa4 Ra5 26. Re3 Qf6 27. Qxf6 Bxf6 28. Rxe4 Rxe4 29. Bxe4 Rxa4 30. Bd5 Bg5 31. Bb3 Ra6 32. Ne3 Rc6 33. Kf1 Kg7 34. Rc1 Rc5 35. Rc2 f5 36. Nd5 Bd2 37. Ke2 Kg6 38. Kd3 Kg5 39. Nxc3 Be1 40. f3 h5 41. Nd5 Ra5 42. Ke2 1-0

[Event "Naujac op 15th"]
[Site "Naujac"]
[Date "2012.06.27"]
[Round "5"]
[White "Colin, Vincent"]
[Black "Castro, John"]
[Result "1/2-1/2"]
[WhiteElo "2393"]
[BlackElo "2193"]
[PlyCount "82"]
[EventDate "2012.06.24"]
[EventType "swiss"]
[EventRounds "9"]
[EventCountry "FRA"]
[SourceTitle "CBM 149 Extra"]
[Source "ChessBase"]
[SourceDate "2012.08.24"]
[SourceVersion "1"]
[SourceVersionDate "2012.08.24"]
[SourceQuality "1"]

1. d4 Nf6 2. c4 g6 3. Nc3 Bg7 4. e4 d6 5. f4 0-0 6. Nf3 c5 7. d5 e6 8. Be2 exd5 9. exd5 Re8 10. 0-0 Ng4 11. h3 Ne3 12. Bxe3 Rxe3 13. Qd2 Re8 14. Rae1 Nd7 15. Bd3 Rxe1 16. Qxe1 Nf6 17. f5 Nh5 18. fxg6 hxg6 19. Ne4 Bf5 20. g4 Bxe4 21. Bxe4 Nf6 22. Bxg6 fxg6 23. Qe6+ Kh8 24. Ng5 Qe8 25. Rxf6 Bxf6 26. Qxf6+ Kg8 27. Ne6 Qf7 28. Qc3 Re8 29. b3 Re7 30. Kg2 Rxe6 31. dxe6 Qxe6 32. Qf3 g5 33. h4 gxh4 34. Kh3 Qe7 35. Qf4 Kg7 36. g5 Kg6 37. Kxh4 Qe1+ 38. Kg4 Qg1+ 39. Kf3 Qf1+ 40. Ke4 Qh1+ 41. Kd3 Qd1+ 1/2-1/2

[Event "FRA-ch Accession"]
[Site "Caen"]
[Date "2011.08.19"]
[Round "4"]
[White "Castro, John"]
[Black "Collas, Didier"]
[Result "0-1"]
[WhiteElo "2189"]
[BlackElo "2399"]
[PlyCount "190"]
[EventDate "2011.08.16"]
[EventType "swiss"]
[EventRounds "11"]
[EventCountry "FRA"]
[SourceTitle "CBM 144 Extra"]
[Source "ChessBase"]
[SourceDate "2011.10.28"]
[SourceVersion "1"]
[SourceVersionDate "2011.10.28"]
[SourceQuality "1"]

1. e4 e5 2. Nc3 Nf6 3. Bc4 Nc6 4. d3 Na5 5. Nge2 Nxc4 6. dxc4 Bc5 7. 0-0 d6 8. Qd3 0-0 9. Bg5 h6 10. Bh4 g5 11. Bg3 Nh5 12. Rad1 Be6 13. Na4 f6 14. Nxc5 dxc5 15. Qc3 Qe7 16. f3 Rfd8 17. Bf2 b6 18. g4 Nf4 19. Nxf4 gxf4 20. b3 Kf7 21. Kg2 Rd6 22. Rxd6 cxd6 23. h3 Qd7 24. Rd1 h5 25. Qd3 Ke7 26. Rh1 Rh8 27. Qe2 Kd8 28. Bh4 Qg7 29. Kf1 Kc7 30. Rh2 Rh6 31. Be1 Qh7 32. Kg1 Bd7 33. a4 Rg6 34. Kf1 Rg8 35. Bc3 Qh6 36. Be1 Qg6 37. Rg2 Qh7 38. Rh2 Be6 39. Bc3 Kc6 40. Be1 a6 41. Bh4 Rg6 42. Be1 Bd7 43. Bc3 Kc7 44. Be1 Rg8 45. Qd2 Bc6 46. Bh4 Qg6 47. Rg2 Qh6 48. Rh2 Bd7 49. Be1 Qg5 50. Rg2 Rh8 51. Rh2 Rh6 52. Qe2 Qg8 53. Bd2 Qe8 54. Kg1 Qh8 55. Be1 Rg6 56. Rg2 Rg8 57. Qd3 Qh7 58. Rd2 Qe7 59. Rg2 Rh8 60. Rh2 Rh6 61. Qe2 Qe8 62. Qd3 Qg8 63. Kh1 Rg6 64. Rg2 Bc6 65. Qe2 Qh7 66. Kg1 Rg8 67. Bd2 Kd7 68. Be1 Ke6 69. Bd2 Rh8 70. Rh2 Qb7 71. Qd3 b5 72. axb5 axb5 73. cxb5 Bxb5 74. c4 Bc6 75. Ba5 hxg4 76. hxg4 Ra8 77. Ra2 Qh7 78. Rh2 Qb7 79. Ra2 Qb8 80. Kh1 Ra7 81. Kg1 Qa8 82. Qc3 Bxe4 83. fxe4 Qxe4 84. Rg2 f3 85. Rg3 Qe2 86. Rxf3 Rxa5 87. Rxf6+ Kxf6 88. Qxa5 Qxg4+ 89. Kf2 Qd4+ 90. Kf1 Kf5 91. Qc7 Ke4 92. Qh7+ Ke3 93. Qh3+ Kd2 94. Qg2+ Kc3 95. Qa2 Qd1+ 0-1

[Event "FRA-ch op-A"]
[Site "Nimes"]
[Date "2009.08.22"]
[Round "11"]
[White "Le Ruyet, Leopold"]
[Black "Castro, John"]
[Result "1/2-1/2"]
[WhiteElo "2058"]
[BlackElo "2071"]
[PlyCount "41"]
[EventDate "2009.08.11"]
[EventType "swiss"]
[EventRounds "11"]
[EventCountry "FRA"]
[SourceTitle "CBM 132 Extra"]
[Source "ChessBase"]
[SourceDate "2009.11.03"]
[SourceVersion "1"]
[SourceVersionDate "2009.11.03"]
[SourceQuality "1"]

1. e4 c5 2. Nf3 d6 3. d4 cxd4 4. Nxd4 Nf6 5. Nc3 Nc6 6. Bg5 e6 7. Qd2 Be7 8. 0-0-0 0-0 9. f4 Nxd4 10. Qxd4 Qa5 11. Bc4 h6 12. Bh4 e5 13. Qd2 exf4 14. Bxf6 Bxf6 15. Nd5 Qxd2+ 16. Rxd2 Be5 17. Nc7 Rb8 18. Nb5 f3 19. g3 Bh3 20. Nxd6 Bxd6 21. Rxd6 1/2-1/2

[Event "FRA-ch op-A"]
[Site "Nimes"]
[Date "2009.08.12"]
[Round "2"]
[White "Benmesbah, Natacha"]
[Black "Castro, John"]
[Result "1-0"]
[WhiteElo "2151"]
[BlackElo "2071"]
[PlyCount "79"]
[EventDate "2009.08.11"]
[EventType "swiss"]
[EventRounds "11"]
[EventCountry "FRA"]
[SourceTitle "CBM 132 Extra"]
[Source "ChessBase"]
[SourceDate "2009.11.03"]
[SourceVersion "1"]
[SourceVersionDate "2009.11.03"]
[SourceQuality "1"]

1. e4 c5 2. Nf3 Nc6 3. Bb5 g6 4. 0-0 Bg7 5. Re1 Qb6 6. Bf1 e6 7. Nc3 d6 8. b3 Nge7 9. Bb2 Nd4 10. e5 dxe5 11. Nxe5 0-0 12. Bd3 a6 13. a4 Qc7 14. f4 b6 15. Be4 Bb7 16. Bxb7 Qxb7 17. Ne4 Rad8 18. a5 Nd5 19. Nd3 Nb4 20. Nxb4 cxb4 21. Kh1 Rd5 22. c3 bxc3 23. dxc3 Nf5 24. Qf3 bxa5 25. c4 Bxb2 26. Rab1 Bg7 27. cxd5 exd5 28. Ng3 Nd4 29. Qf2 Qb4 30. f5 Bf6 31. Red1 Be5 32. f6 Rd8 33. Re1 Qd6 34. Rf1 Rc8 35. Rbd1 Nxb3 36. Qe3 Rc3 37. Qh6 Qf8 38. Qxf8+ Kxf8 39. Rxd5 Bc7 40. Rd7 1-0

[Event "Naujac op"]
[Site "Naujac"]
[Date "2009.07.??"]
[Round "5"]
[White "Benitah, Yohan"]
[Black "Castro, John"]
[Result "1-0"]
[WhiteElo "2382"]
[BlackElo "2085"]
[PlyCount "53"]
[EventDate "2009.07.??"]
[EventType "swiss"]
[EventRounds "9"]
[EventCountry "FRA"]
[SourceTitle "CBM 131 Extra"]
[Source "ChessBase"]
[SourceDate "2009.09.03"]
[SourceVersion "2"]
[SourceVersionDate "2009.09.16"]
[SourceQuality "1"]

1. d4 Nf6 2. c4 g6 3. Nc3 Bg7 4. e4 d6 5. Nf3 0-0 6. Be2 e5 7. 0-0 Nc6 8. d5 Ne7 9. Ne1 Nd7 10. Be3 f5 11. f3 f4 12. Bf2 g5 13. Nd3 Rf6 14. b4 Rh6 15. Be1 Nf6 16. c5 Bd7 17. a4 Qe8 18. Nf2 a6 19. cxd6 cxd6 20. a5 Qh5 21. h3 Kh8 22. Na4 Bxa4 23. Qxa4 Nfxd5 24. exd5 Nxd5 25. Ng4 Ne3 26. Nxh6 Qxh6 27. Bf2 1-0

[Event "Naujac op"]
[Site "Naujac"]
[Date "2009.07.??"]
[Round "2"]
[White "Kunze, Carlo"]
[Black "Castro, John"]
[Result "1-0"]
[WhiteElo "2285"]
[BlackElo "2085"]
[PlyCount "61"]
[EventDate "2009.07.??"]
[EventType "swiss"]
[EventRounds "9"]
[EventCountry "FRA"]
[SourceTitle "CBM 131 Extra"]
[Source "ChessBase"]
[SourceDate "2009.09.03"]
[SourceVersion "2"]
[SourceVersionDate "2009.09.16"]
[SourceQuality "1"]

1. d4 Nf6 2. c4 g6 3. Nc3 Bg7 4. e4 d6 5. Be2 0-0 6. Nf3 e5 7. d5 a5 8. Bg5 Na6 9. Nd2 Nc5 10. 0-0 h6 11. Be3 Nfd7 12. b3 f5 13. f3 f4 14. Bf2 Nf6 15. a3 Nh5 16. Kh1 Bf6 17. Qe1 Rf7 18. Rc1 Bd7 19. b4 axb4 20. axb4 Na6 21. Rb1 b6 22. Nb5 Rg7 23. Nb3 g5 24. c5 g4 25. fxg4 Bxg4 26. cxd6 cxd6 27. Bxg4 Rxg4 28. Qe2 Qd7 29. Nxd6 Kh7 30. Nf5 Rag8 31. Qxa6 1-0

[Event "FRA-ch U18"]
[Site "Aix les Bains"]
[Date "2009.04.26"]
[Round "9"]
[White "Martin, Alexandre"]
[Black "Castro, John"]
[Result "0-1"]
[WhiteElo "1817"]
[BlackElo "2085"]
[PlyCount "86"]
[EventDate "2009.04.19"]
[EventType "swiss"]
[EventRounds "9"]
[EventCountry "FRA"]
[SourceTitle "CBM 130 Extra"]
[Source "ChessBase"]
[SourceDate "2009.07.02"]
[SourceVersion "2"]
[SourceVersionDate "2009.07.15"]
[SourceQuality "1"]

1. e4 c5 2. Nf3 Nc6 3. Nc3 g6 4. d4 cxd4 5. Nxd4 Bg7 6. Be3 Nf6 7. f3 0-0 8. Qd2 d5 9. 0-0-0 Rb8 10. Be2 e5 11. Nxc6 bxc6 12. exd5 cxd5 13. Nxd5 Nxd5 14. Qxd5 Qc7 15. Qc4 Qe7 16. Qc5 Qb7 17. b3 Bf5 18. Qd5 Rfc8 19. c4 Qa6 20. Kb2 Bf8 21. Ka1 Rxb3 22. c5 Qxe2 23. Qxb3 Be6 24. Rde1 Qxe1+ 25. Rxe1 Bxb3 26. axb3 Bxc5 27. Rc1 Bd4+ 28. Kb1 Rxc1+ 29. Bxc1 f5 30. Kc2 Kf7 31. Kd3 Ke6 32. f4 Bg1 33. fxe5 Bxh2 34. Be3 a6 35. Kd4 Bxe5+ 36. Kc5 Bc3 37. Kb6 a5 38. Kb5 h5 39. Bb6 f4 40. Bxa5 Bxa5 41. Kxa5 f3 42. gxf3 h4 43. b4 h3 0-1

[Event "Naujac op"]
[Site "Naujac"]
[Date "2008.06.29"]
[Round "9"]
[White "Vernay, Clovis"]
[Black "Castro, John"]
[Result "0-1"]
[WhiteElo "2348"]
[BlackElo "2000"]
[PlyCount "79"]
[EventDate "2008.06.21"]
[EventType "swiss"]
[EventRounds "9"]
[EventCountry "FRA"]
[SourceTitle "CBM 125 Extra"]
[Source "ChessBase"]
[SourceDate "2008.09.01"]
[SourceVersion "1"]
[SourceVersionDate "2008.09.01"]
[SourceQuality "1"]

1. d4 Nf6 2. c4 g6 3. Nc3 Bg7 4. e4 d6 5. f3 0-0 6. Bg5 c6 7. Qd2 e5 8. d5 h6 9. Be3 cxd5 10. cxd5 a6 11. Bd3 b5 12. Nge2 Kh7 13. b4 Nbd7 14. a4 bxa4 15. Nxa4 Rb8 16. 0-0 Ne8 17. Nc1 f5 18. Nb3 fxe4 19. fxe4 Ndf6 20. Na5 Bd7 21. Ba7 Ra8 22. Bb6 Qb8 23. Nc6 Qb7 24. Na5 Qb8 25. Be3 Bxa4 26. Rxa4 Nxe4 27. Qc2 Rxf1+ 28. Kxf1 N8f6 29. Bg1 Qe8 30. Nc6 Qf7 31. Ke1 Rf8 32. Rxa6 Nxd5 33. b5 Nec3 34. b6 e4 35. Bc4 e3 36. Ra7 Qf4 37. Bd3 e2 38. Bxe2 Nxe2 39. Rxg7+ Kxg7 40. b7 0-1

[Event "FRA-ch op-B"]
[Site "Aix les Bains"]
[Date "2007.08.22"]
[Round "9"]
[White "Castro, John"]
[Black "Martin, Bruno"]
[Result "1/2-1/2"]
[WhiteElo "1901"]
[BlackElo "1999"]
[PlyCount "129"]
[EventDate "2007.08.13"]
[EventType "swiss"]
[EventRounds "11"]
[EventCountry "FRA"]
[SourceTitle "CBM 120 Extra"]
[Source "ChessBase"]
[SourceDate "2007.11.01"]
[SourceVersion "1"]
[SourceVersionDate "2007.11.01"]
[SourceQuality "1"]

1. e4 d6 2. d4 Nf6 3. Bd3 e5 4. c3 c6 5. Nf3 Qc7 6. h3 Be7 7. 0-0 0-0 8. Nbd2 Nbd7 9. Re1 c5 10. dxe5 dxe5 11. a4 b6 12. Nc4 Bb7 13. Bg5 a6 14. Ne3 Rfe8 15. Nf5 c4 16. Nxe7+ Rxe7 17. Bc2 Re6 18. Re3 Nc5 19. Qe2 b5 20. Nh4 h6 21. Bxf6 Rxf6 22. Rg3 Kh7 23. Qe3 Rf4 24. Rg4 Rxg4 25. hxg4 g6 26. Nf3 Rd8 27. g3 bxa4 28. Kg2 Kg7 29. Qe2 Nd3 30. Bxd3 Rxd3 31. Ne1 Rd8 32. Rxa4 Rg8 33. Ra1 f5 34. gxf5 gxf5 35. Kg1 fxe4 36. Ng2 e3 37. Nxe3 Qc6 38. Kh2 Rf8 39. Rg1 Qc5 40. f4 Kh8 41. Nxc4 exf4 42. gxf4 Rxf4 43. Qe8+ Rf8 44. Qe5+ Qxe5+ 45. Nxe5 Rf2+ 46. Kg3 Rxb2 47. Kf4 Rf2+ 48. Ke3 Rf5 49. Kd4 a5 50. Rg6 Kh7 51. Rb6 Bg2 52. Ra6 a4 53. Ra7+ Kg8 54. c4 Rf4+ 55. Kc5 h5 56. Rxa4 h4 57. Ra3 h3 58. Rg3+ Kh7 59. Ng4 Rf5+ 60. Kd4 Rg5 61. Ke3 h2 62. Rxg2 h1Q 63. Rh2+ Qxh2 64. Nxh2 Kg7 65. Nf3 1/2-1/2

[Event "FRA-ch U14"]
[Site "Aix les Bains"]
[Date "2006.04.17"]
[Round "3"]
[White "Castro, John"]
[Black "Ollier, Pablo"]
[Result "0-1"]
[WhiteElo "1910"]
[BlackElo "2040"]
[PlyCount "84"]
[EventDate "2006.04.16"]
[EventType "swiss"]
[EventRounds "9"]
[EventCountry "FRA"]
[SourceTitle "EXT 2007"]
[Source "ChessBase"]
[SourceDate "2006.11.23"]
[SourceVersion "1"]
[SourceVersionDate "2006.11.23"]
[SourceQuality "1"]

1. c4 Nf6 2. Nc3 e6 3. Nf3 Bb4 4. Qc2 0-0 5. a3 Bxc3 6. Qxc3 d6 7. d4 Ne4 8. Qc2 f5 9. e3 Nd7 10. Bd3 Ndf6 11. Bd2 b6 12. Bc3 Bb7 13. h3 Qe7 14. 0-0-0 a5 15. Rdf1 a4 16. Rhg1 c5 17. Nd2 Rfc8 18. g4 Nxc3 19. bxc3 cxd4 20. exd4 d5 21. Re1 Qxa3+ 22. Kb1 Ne4 23. Bxe4 fxe4 24. Rg3 Ba6 25. f3 Bxc4 26. Nxc4 Rxc4 27. fxe4 Ra5 28. Qb2 Qd6 29. Rf3 a3 30. Qb3 h6 31. exd5 Qxd5 32. Ka2 Rb5 33. Re5 Rxb3 34. Rxd5 Rcxc3 35. Rd8+ Kh7 36. Rxc3 Rxc3 37. Rd6 Rxh3 38. Rxe6 Rd3 39. Rd6 Rg3 40. Rxb6 Rxg4 41. d5 Rd4 42. d6 Rd3 0-1

[Event "FRA-chT U20"]
[Site "Pau"]
[Date "2005.12.18"]
[Round "4"]
[White "Perusseau, Clement"]
[Black "Castro, John"]
[Result "1-0"]
[WhiteElo "2000"]
[BlackElo "1868"]
[PlyCount "27"]
[EventDate "2005.12.??"]
[EventType "team"]
[EventRounds "11"]
[EventCountry "FRA"]
[SourceTitle "EXT 2007"]
[Source "ChessBase"]
[SourceDate "2006.11.23"]
[SourceVersion "1"]
[SourceVersionDate "2006.11.23"]
[SourceQuality "1"]
[WhiteTeam "Clichy"]
[BlackTeam "Pau"]
[WhiteTeamCountry "FRA"]
[BlackTeamCountry "FRA"]

1. e4 e6 2. d4 d5 3. exd5 exd5 4. c4 Nf6 5. Nc3 Bb4 6. Nf3 0-0 7. Bd3 Re8+ 8. Be3 Ng4 9. 0-0 Bxc3 10. bxc3 Nxe3 11. fxe3 c6 12. Ne5 Re7 13. Bxh7+ Kxh7 14. Qh5+ 1-0

[Event "FRA-chT U20 0506"]
[Site "France"]
[Date "2005.11.13"]
[Round "3.1"]
[White "Robert, Bastien"]
[Black "Castro, John"]
[Result "0-1"]
[WhiteElo "1951"]
[BlackElo "1868"]
[PlyCount "66"]
[EventDate "2005.11.12"]
[EventType "team"]
[EventRounds "3"]
[EventCountry "FRA"]
[SourceTitle "CBM 109 Extra"]
[Source "ChessBase"]
[SourceDate "2006.01.03"]
[SourceVersion "2"]
[SourceVersionDate "2006.01.03"]
[SourceQuality "1"]

1. d4 Nf6 2. Bg5 Ne4 3. Bh4 d5 4. f3 Nd6 5. Nc3 Nf5 6. Bf2 Nc6 7. e3 e6 8. Nge2 Bb4 9. a3 Ba5 10. b4 Bb6 11. Ng3 Nxg3 12. Bxg3 a6 13. Qd2 0-0 14. Bd3 Re8 15. Na4 Ba7 16. Nc5 e5 17. 0-0 exd4 18. exd4 Nxd4 19. Bxh7+ Kxh7 20. Qxd4 b6 21. Qd3+ Kg8 22. Nb3 c5 23. Qd2 Bf5 24. Rfd1 d4 25. Rac1 Qf6 26. a4 Rad8 27. bxc5 bxc5 28. Qf2 c4 29. Nd2 Rd7 30. Kh1 d3 31. Qf1 dxc2 32. Re1 Rxe1 33. Qxe1 Qd4 0-1

[Event "Wch U14"]
[Site "Belfort"]
[Date "2005.07.19"]
[Round "1"]
[White "Castro, John"]
[Black "Recuero Guerra, David"]
[Result "0-1"]
[WhiteElo "1864"]
[BlackElo "2261"]
[PlyCount "50"]
[EventDate "2005.07.??"]
[EventType "swiss"]
[EventRounds "11"]
[EventCountry "FRA"]
[SourceTitle "CBM 107 Extra"]
[Source "ChessBase"]
[SourceDate "2005.09.01"]
[SourceVersion "1"]
[SourceVersionDate "2005.09.01"]
[SourceQuality "1"]

1. c4 e5 2. Nc3 Nc6 3. g3 f5 4. Bg2 Nf6 5. d3 Bb4 6. Bd2 Bc5 7. Nf3 e4 8. Nh4 exd3 9. Nxf5 0-0 10. exd3 d5 11. Nh4 dxc4 12. 0-0 cxd3 13. Bg5 Ne5 14. Rc1 Bb6 15. Nd5 c6 16. Nxb6 Qxb6 17. b3 Bg4 18. Qd2 Be2 19. Be3 Qd8 20. Rfe1 Nfg4 21. Bf4 Qb6 22. Rxe2 dxe2 23. Qxe2 Nd3 24. Qxd3 Qxf2+ 25. Kh1 Qxf4 0-1

[Event "FRA-ch U14"]
[Site "Calvi"]
[Date "2005.04.17"]
[Round "1"]
[White "Castro, John"]
[Black "Roncin, Cesar"]
[Result "1-0"]
[WhiteElo "2060"]
[BlackElo "1800"]
[PlyCount "89"]
[EventDate "2005.04.??"]
[EventType "swiss"]
[EventRounds "9"]
[EventCountry "FRA"]
[SourceTitle "EXT 2006"]
[Source "ChessBase"]
[SourceDate "2005.11.24"]
[SourceVersion "1"]
[SourceVersionDate "2005.11.24"]
[SourceQuality "1"]

1. e3 e6 2. c4 Nf6 3. Nc3 g6 4. Nf3 Bg7 5. d4 0-0 6. Bd3 d5 7. 0-0 dxc4 8. Bxc4 Nc6 9. Re1 a6 10. e4 b5 11. Bb3 Na5 12. Bc2 Nc4 13. b3 Nb6 14. Bg5 Qd7 15. Ne5 Qd6 16. Nxg6 fxg6 17. e5 Qd7 18. exf6 Bxf6 19. Bxf6 Rxf6 20. Ne4 Rf8 21. Nc5 Qf7 22. Re2 Nd5 23. Qe1 Nf4 24. Re3 Qf6 25. Rd1 c6 26. Re5 Nxg2 27. Kxg2 Qf3+ 28. Kg1 Qg4+ 29. Kf1 Qh3+ 30. Ke2 Qf3+ 31. Kd2 Qxf2+ 32. Qxf2 Rxf2+ 33. Re2 Rxe2+ 34. Kxe2 e5 35. Ke3 Bg4 36. Rg1 exd4+ 37. Kxd4 Rd8+ 38. Kc3 Bc8 39. Bxg6 hxg6 40. Rxg6+ Kf7 41. Rxc6 Rh8 42. Nxa6 Bxa6 43. Rxa6 Rxh2 44. Kb4 Rh5 45. Ra5 1-0